Library Banner

Tareekh i Islam = تاریخ اسلام / (Record no. 133540)

MARC details
000 -LEADER
fixed length control field 00431nam a22001457a 4500
005 - DATE AND TIME OF LATEST TRANSACTION
control field 20240320111532.0
008 - FIXED-LENGTH DATA ELEMENTS--GENERAL INFORMATION
fixed length control field 240320b ||||| |||| 00| 0 eng d
040 ## - CATALOGING SOURCE
Transcribing agency PK-LaUMT
082 ## - DEWEY DECIMAL CLASSIFICATION NUMBER
Classification number APC 297.09
Item number HAM-T
100 ## - MAIN ENTRY--PERSONAL NAME
Personal name Hameed ud Din = حمید الدین
245 ## - TITLE STATEMENT
Title Tareekh i Islam = تاریخ اسلام /
Statement of responsibility, etc by Hameed ud Din = حمید الدین
260 ## - PUBLICATION, DISTRIBUTION, ETC. (IMPRINT)
Place of publication, distribution, etc Lahore :
Name of publisher, distributor, etc Ferozsons,
Date of publication, distribution, etc NA
300 ## - PHYSICAL DESCRIPTION
Extent 561 p.
942 ## - ADDED ENTRY ELEMENTS (KOHA)
Koha item type Books
Holdings
Withdrawn status Lost status Damaged status Home library Current library Date acquired Full call number Barcode Date last seen Price effective from Koha item type
      UMT Main Campus UMT Main Campus 2024-03-20 APC 297.09 HAM-T 146869 2024-03-20 2024-03-20 Books